|
|
|
|
| LEADER |
03495cam a2200865 i 4500 |
| 001 |
nkc20152720541 |
| 003 |
CZ PrNK |
| 005 |
20170413092045.0 |
| 007 |
ta |
| 008 |
150929t20152015xr ach e c 000 0dcze d |
| 015 |
|
|
|a cnb002720541
|
| 020 |
|
|
|a 978-80-87516-13-3
|q (brožováno)
|
| 035 |
|
|
|a (OCoLC)987025440
|
| 040 |
|
|
|a ABB060
|b cze
|d CBA001
|d BOA001
|e rda
|
| 041 |
1 |
|
|a cze
|a eng
|h cze
|
| 043 |
|
|
|a e-xr---
|
| 045 |
|
|
|a r7y1
|
| 072 |
|
7 |
|a 27-9
|x Dějiny křesťanské církve
|2 Konspekt
|9 5
|
| 072 |
|
7 |
|a 929
|x Biografie
|2 Konspekt
|9 8
|
| 080 |
|
|
|a 27-337
|2 MRF
|
| 080 |
|
|
|a 27-1-051
|2 MRF
|
| 080 |
|
|
|a 929
|2 MRF
|
| 080 |
|
|
|a 27-9"14/15"
|2 MRF
|
| 080 |
|
|
|a 27-4
|2 MRF
|
| 080 |
|
|
|a 27-878.4
|2 MRF
|
| 080 |
|
|
|a 27-662:3
|2 MRF
|
| 080 |
|
|
|a 32.019.5
|2 MRF
|
| 080 |
|
|
|a 7.04
|2 MRF
|
| 080 |
|
|
|a 2-6+316.72/.75
|2 MRF
|
| 080 |
|
|
|a (437.3)
|2 MRF
|
| 080 |
|
|
|a (083.824)
|2 MRF
|
| 245 |
0 |
0 |
|a Jan Hus 1415-2015 :
|b výstava = exhibition : 6.6.-31.10.2015
|
| 264 |
|
1 |
|a V Táboře :
|b Husitské muzeum,
|c [2015]
|
| 264 |
|
4 |
|c ©2015
|
| 300 |
|
|
|a 54 stran :
|b ilustrace, portréty, faksimile ;
|c 15 x 16 cm
|
| 336 |
|
|
|a text
|b txt
|2 rdacontent
|
| 336 |
|
|
|a statický obraz
|b sti
|2 rdacontent
|
| 337 |
|
|
|a bez média
|b n
|2 rdamedia
|
| 338 |
|
|
|a svazek
|b nc
|2 rdacarrier
|
| 500 |
|
|
|a "Doprovodná publikace k výstavě Husitského muzea v Táboře 6.6.-31.10. 2015"--Tiráž
|
| 500 |
|
|
|a Název z obálky
|
| 500 |
|
|
|a Chronologické přehledy
|
| 500 |
|
|
|a 5000 výtisků
|
| 546 |
|
|
|a Souběžný anglický text
|
| 600 |
1 |
7 |
|a Hus, Jan,
|d asi 1371-1415
|7 jk01043287
|2 czenas
|
| 648 |
|
7 |
|a 14.-15. století
|7 ch460617
|2 czenas
|
| 648 |
|
4 |
|a asi 1371-1415
|
| 648 |
|
7 |
|a 15.-21. století
|7 ch757044
|2 czenas
|
| 650 |
0 |
7 |
|a křesťanští reformátoři
|7 ph122146
|z Česko
|y 14.-15. století
|2 czenas
|
| 650 |
0 |
7 |
|a křesťanští teologové
|7 ph122148
|z Česko
|y 14.-15. století
|2 czenas
|
| 650 |
0 |
7 |
|a reformace
|7 ph125063
|z Česko
|y 14.-15. století
|2 czenas
|
| 650 |
0 |
7 |
|a církevní život
|7 ph119306
|z Česko
|y 14.-15. století
|2 czenas
|
| 650 |
0 |
7 |
|a husitství
|7 ph120949
|z Česko
|2 czenas
|
| 650 |
0 |
7 |
|a křesťanství a společnost
|7 ph138510
|z Česko
|y 14.-15. století
|2 czenas
|
| 650 |
0 |
7 |
|a kult osobnosti
|7 ph122006
|z Česko
|y 15.-21. století
|2 czenas
|
| 650 |
0 |
7 |
|a náměty, témata a motivy
|7 ph138485
|z Česko
|y 15.-21. století
|2 czenas
|
| 650 |
0 |
9 |
|a Christian reformers
|z Czechia
|y 14th-15th centuries
|2 eczenas
|
| 650 |
0 |
9 |
|a Christian theologians
|z Czechia
|y 14th-15th centuries
|2 eczenas
|
| 650 |
0 |
9 |
|a reformation
|z Czechia
|y 14th-15th centuries
|2 eczenas
|
| 650 |
0 |
9 |
|a church life
|z Czechia
|y 14th-15th centuries
|2 eczenas
|
| 650 |
0 |
9 |
|a Hussitism
|z Czechia
|2 eczenas
|
| 650 |
0 |
9 |
|a Christianity and civilization
|z Czechia
|y 14th-15th centuries
|2 eczenas
|
| 650 |
0 |
9 |
|a personality cult
|z Czechia
|y 15th-21st centuries
|2 eczenas
|
| 650 |
0 |
9 |
|a themes and motives
|z Czechia
|y 15th-21st centuries
|2 eczenas
|
| 651 |
|
7 |
|a Česko
|7 ge128065
|x náboženské a kulturní poměry
|y 15.-21. století
|2 czenas
|
| 651 |
|
9 |
|a Czechia
|x religious and cultural conditions
|y 15th-21st centuries
|2 eczenas
|
| 655 |
|
7 |
|a katalogy výstav
|7 fd132536
|2 czenas
|
| 655 |
|
9 |
|a exhibition catalogs
|2 eczenas
|
| 710 |
2 |
|
|a Husitské muzeum (Tábor, Česko)
|7 ko2003171822
|4 orm
|
| 910 |
2 |
|
|a BOA001
|b 1-1372.818
|
| 920 |
|
|
|a 0638206
|z CBA001
|
| 990 |
|
|
|a BK
|
| 995 |
|
|
|a 01
|
| 991 |
|
|
|b 201609
|c NOV
|
| 996 |
6 |
|
|b 2610680736
|c 1-1372.818
|l MZK
|r Sklad / do 1 hodiny
|n 1
|p p.v.
|w 001577533
|u 000010
|a 1
|e BOA001
|j MZK50
|s P
|